| 000 | 00523cam a22001577a 4500 | ||
|---|---|---|---|
| 008 | 180718b2004 xxu||||| |||| 00| 0 eng d | ||
| 020 | _a0195670094 | ||
| 082 | _aT19x54 B299i | ||
| 245 |
_aIndia's emerging economy: performance and prospects in the 1990s and beyond _cedited by Kaushik Basu |
||
| 260 |
_aNew Delhi _bOxford Univ. Press _c2004 |
||
| 300 | _a319p. | ||
| 650 | _aIndia - Economic policy - 1990- | ||
| 650 | _aFiscal policy - India | ||
| 650 | _aIndia - Economic conditions - 1990- | ||
| 700 | _aBasu, Kaushik | ||
| 999 |
_c402942 _d402942 |
||